Triết học thế giới nên biết
Sách bao gồm 2 tập: Tập 1 bao gồm 4 phần: Phần 1: Cách nhìn thế giới của các nhà triết học Hy Lạp - La Mã cổ đại; Phần 2: Triết lý của các nhà thần học đạo Kito; Phần 3: Nền triết học khai sáng bắt đầu chiếu rọi châu Âu; ......
Sparad:
| Materialtyp: | Bok |
|---|---|
| Språk: | Undetermined |
| Publicerad: |
Hà Nội
Lao động - Xã hội
2007
|
| Ämnen: | |
| Taggar: |
Lägg till en tagg
Inga taggar, Lägg till första taggen!
|
| Thư viện lưu trữ: | Trung tâm Học liệu Trường Đại học Cần Thơ |
|---|
| LEADER | 00882nam a2200193Ia 4500 | ||
|---|---|---|---|
| 001 | CTU_126720 | ||
| 008 | 210402s9999 xx 000 0 und d | ||
| 020 | |c 28500 | ||
| 082 | |a 101 | ||
| 082 | |b Tr308/T.1 | ||
| 245 | 0 | |a Triết học thế giới nên biết | |
| 245 | 0 | |c Đặng Nguyên Minh (Biên soạn) | |
| 260 | |a Hà Nội | ||
| 260 | |b Lao động - Xã hội | ||
| 260 | |c 2007 | ||
| 520 | |a Sách bao gồm 2 tập: Tập 1 bao gồm 4 phần: Phần 1: Cách nhìn thế giới của các nhà triết học Hy Lạp - La Mã cổ đại; Phần 2: Triết lý của các nhà thần học đạo Kito; Phần 3: Nền triết học khai sáng bắt đầu chiếu rọi châu Âu; ... | ||
| 650 | |a Philosophy | ||
| 904 | |i Nguyên | ||
| 980 | |a Trung tâm Học liệu Trường Đại học Cần Thơ | ||